|
|
|
|
| LEADER |
01164nam a2200313 a 4500 |
| 001 |
406 |
| 003 |
BD-DhAAL |
| 005 |
20150210102252.0 |
| 008 |
150210s1993 enkab b 001 0 eng d |
| 010 |
|
|
|a 93086213
|
| 020 |
|
|
|a 0803989652 (cased)
|
| 020 |
|
|
|a 0803989660 (pbk) :
|c £13.95
|
| 040 |
|
|
|a Uk
|c Uk
|d UkNc
|d DLC
|d BD-DhAAL
|
| 050 |
0 |
0 |
|a HQ1064.G7
|b A64 1993
|
| 082 |
0 |
0 |
|a 305.26/0941
|2 20
|
| 245 |
0 |
0 |
|a Ageing and later life /
|c edited by Julia Johnson and Robert Slater.
|
| 260 |
|
|
|a London ;
|a Thousand Oaks, Calif. :
|b Sage Publications,
|c 1993.
|
| 300 |
|
|
|a xi, 369 p. :
|b ill., map ;
|c 24 cm.
|
| 500 |
|
|
|a On t.p.: Open University.
|
| 504 |
|
|
|a Includes bibliographies and indexes.
|
| 541 |
|
|
|e 406
|
| 650 |
|
0 |
|a Older people
|z Great Britain.
|9 8198
|
| 650 |
|
0 |
|a Aging
|x Social aspects
|z Great Britain.
|9 8199
|
| 700 |
1 |
|
|a Johnson, Julia,
|d 1946-
|9 8200
|
| 700 |
1 |
|
|a Slater, Robert,
|d 1945-
|9 8201
|
| 710 |
2 |
|
|a Open University.
|9 8202
|
| 942 |
|
|
|2 ddc
|c BK
|
| 999 |
|
|
|c 33642
|d 33642
|
| 952 |
|
|
|0 0
|1 0
|2 ddc
|4 0
|6 305_260941000000000_AGE
|7 0
|9 52541
|a SCL
|b SCL
|c GEN
|d 2015-02-10
|e Gift: The Asia Foundation
|l 0
|o 305.260941 AGE
|p 3020000406
|r 2015-02-10
|t 1
|w 2015-02-10
|y BK
|